NFL Teams With The Most Wins Ever - Statistics

General Stats
  • This quiz has been taken 52 times
  • The average score is 20 of 25
Answer Stats
Rank Team % Correct
1st Green Bay Packers
93%
13th Kansas City Chiefs
90%
14th New England Patriots
90%
11th Dallas Cowboys
88%
7th Los Angeles Rams
88%
5th Philadelphia Eagles
88%
17th Cleveland Browns
85%
19th Miami Dolphins
85%
3rd New York Giants
85%
9th San Francisco 49ers
85%
2nd Chicago Bears
83%
8th Detroit Lions
83%
18th Las Vegas Raiders
83%
20th Los Angeles Chargers
83%
4th Pittsburgh Steelers
83%
23rd New York Jets
80%
25th Seattle Seahawks
80%
16th Denver Broncos
78%
24th New Orleans Saints
78%
12th Indianapolis Colts
76%
10th Arizona Cardinals
73%
15th Minnesota Vikings
73%
21st Buffalo Bills
71%
22nd Tennessee Titans
71%
6th Washington Commanders
71%
No matching quizzes found
Score Distribution
Percent of People with Each Score
Percentile by Number Answered
Your Score History
You have not taken this quiz